Física preuniversitaria

Gespeichert in:
Bibliographische Detailangaben
1. Verfasser: Tipler, Paul A (VerfasserIn)
Format: Buch
Sprache:Spanisch
Veröffentlicht: Barcelona Reverté 1998
Schlagworte:
Tags: Tag hinzufügen
Keine Tags, Fügen Sie den ersten Tag hinzu!

MARC

LEADER 00000nam a2200000 a 4500
001 UCP5402
003 CL-VaPUC
008 990910e19980000SP |||||||||||||||||spa|d
082 0 4 |a 530  |b TIP  |2 21 
100 0 |a Tipler, Paul A  |e author  |9 433771 
245 1 0 |a Física preuniversitaria 
300 |a v 
942 |c BK 
945 |d 19990910 00:00:00  |a rbrito 
260 |a Barcelona  |b Reverté  |c 1998 
650 0 |a Física   |9 227844 
650 0 |a Mecánica   |9 260096 
650 0 |a Termodinámica   |9 259320 
650 0 |a Ondas  |9 260165 
650 0 |a Electricidad  |9 260222 
650 0 |a Magnetismo  |9 260336 
650 0 |a Optica   |9 263171 
650 7 |a FISICA MODERNA  |2 CL-VaPUC  |9 316548 
583 |a last modification  |c 19990910 00:00:00  |k Rodrigo Vera 
999 |c 283153  |d 283151 
952 |0 0  |1 0  |4 0  |6 530_000000000000000_TIP_1998  |7 0  |8 P  |9 325976  |a BIBARQ  |b BIBARQ  |d 2019-11-20  |h v.1  |i 355533K  |o 530 TIP 1998  |p 355533K  |r 2025-01-20  |w 2019-11-20  |y BK  |k ARQ 
952 |0 0  |1 0  |4 0  |6 530_000000000000000_TIP_1998  |7 0  |8 P  |9 325977  |a BIBARQ  |b BIBARQ  |d 2019-11-20  |h v.2  |i 3555348  |o 530 TIP 1998  |p 3555348  |r 2025-01-20  |w 2019-11-20  |y BK  |k ARQ